| 000 | 01198cam a22002054a 4500 | ||
|---|---|---|---|
| 005 | 20250605164048.0 | ||
| 008 | 250528s ||||||||||||||||||||||||d | ||
| 035 | _a17182 | ||
| 020 | _a29462452 | ||
| 040 |
_aGR-AtMCL _bgre _dGR-AtMCL _eAACR2 |
||
| 245 | 1 | _aPrinciples of Economics | |
| 260 |
_bMacmillan Publishing Company, _c1990 |
||
| 300 | _a840 | ||
| 520 | _aIntroduction, The Heart and Soul of Economics, The Role of Government, Macroeconomics: Measurement and Models, The National Income and Product Accounts, The Keynesian Theory of Aggregate Demand, Money and the Interest Rate, The Monetarist Counterevolution, Macroeconomic Policy, Money and the Banking System, Monetary Policy, Fiscal Policy, Economic Growth, Micro Product Markets, Consumer Choice, Demand Conditions, Monopoly and Its Regulation, Antitrust and Information Policies, Factor Markets, Competitive Labor Markets, Selected Topics in Microeconomics, Public Choice and Government, Environment and Energy, International Economics and Comparative Systems, International Trade, Glossary, Index. | ||
| 700 | 1 |
_aFroyen Richard T _93340 |
|
| 700 | 1 |
_aGreer Douglas F _93341 |
|
| 942 | _cBK | ||
| 999 |
_c2617 _d2617 |
||